LEADER 01578nam a2200337 u 4500 001 000000041038 003 CaOOAMICUS 005 20070226114153.0 008 980921s1981 it u000 u ita u 035 $a10803674 040 $aMSA$bita$dPUL(R) 245 00$aDalla Restaurazione al consolidamento dello stato unitario /$ca cura di Mario Tedeschi. 260 $aMilano :$bGiuffrè,$c1981. 300 $a345 p. ;$c21 cm 490 1 $aFattore religioso e comunità politica 500 $aContiene indici. 651 4$aItalia$zSanta Sede$xRelazioni estere$y1815-1870.$0(OLS)http://pul/subject/18510 700 1 $aTedeschi, Mario.$0(OLS)http://pul/name/21538 700 1 $aMartino, Federico.$0(OLS)http://pul/name/26791 700 1 $aCatalano, Gaetano.$0(OLS)http://pul/name/15486 830 0$aFattore religioso e comunità politica.$0(OLS)http://pul/title/48011 850 $aPUL 852 $aPUL$W1$xDP1 Fondo Ciprotti$y59$m1539 D 16$j55656$nBK-PRI$b $qFondi$B55656$CPULBib$Z2$F55656 $H $81 852 $aPUL$W1$xSL Filosofia 1$y2$m117 G 73$j55657$nBK-PRI$b $qStampati$B55657$CPULBib$Z2$F55657 $81 852 $aPUL$W1$xDP1 Fondo G. Barberini$y122$m3 H 2$j173523$nBK-PRI$b 3 copia$qFondi$B180124$CPULBib$Z2$F180124 $HBar1899 $81 941 1 $a8 941 1 $a1 961 $aINV: F. Ciprotti 961 $aINV: 65261 996 $6245$aDalla Restaurazione al consolidamento dello stato unitario$9(OLS)http://pul/title/55357 996 $6260$aMilano :$bGiuffrè$9(OLS)http://pul/publisher/48401 LEADER 01349nam a2200301 a 4500 001 000000105533 003 CaOOAMICUS 005 20070611094804.0 008 070611s2007 it a 000 u ita d 020 $z978-88-7325-184-4* 040 $aPUL$bita$dLDB 041 1 $aita$hfre 100 1 $aGrandet, Pierre.$0(OLS)http://pul/name/64795 240 10$aCours d'Égyptien hiéroglyphique$lItaliano.$0(OLS)http://pul/title/132826 245 10$aCorso di egiziano geroglifico /$cPierre Grandet, Bernard Mathieu ; edizione italiana a cura di Christian Orsenigo. 260 $aTorino :$bAnanke,$cc2007. 300 $axxiv, 845 p. :$bill. ;$c28 cm 490 1 $aSeshat. Collana scientifica di Egittologia 500 $aIndici: p. [747]-845. 650 14$aEgittologia.$0(OLS)http://pul/subject/26912 700 1 $aMathieu, Bernard.$0(OLS)http://pul/name/64796 830 0$aSeshat. Collana scientifica di Egittologia.$0(OLS)http://pul/title/132828 850 $aPUL 852 $aPUL$W1$xSL Cons. Gen., Altre Classi 3$y75$m493. 111 GRAPI 1$j118270$qDDC 21$B118171$CPULBib$Z2$F118171 $H103450 $82 941 1 $a9 996 $6020$z978-88-7325-184-4*$9(OLS)http://pul/number/134730 996 $6245$aCorso di egiziano geroglifico$9(OLS)http://pul/title/132827 996 $6260$aTorino :$bAnanke$9(OLS)http://pul/publisher/79235